[Event "Mittelrhein Verbandsliga-N 18/19"]
[Site "Nordrheinwestfalen"]
[Date "2019.05.05"]
[Round "10.7"]
[White "Hirsch, Reinhard"]
[Black "Wittig, Till"]
[Result "0-1"]
[WhiteElo "1283"]
[BlackElo "1994"]
[PlyCount "66"]
[EventDate "2018.09.02"]
[EventType "team-tourn"]
[EventRounds "12"]
[EventCountry "GER"]
[SourceTitle "EXT 2022"]
[Source "ChessBase"]
[SourceDate "2021.10.06"]
[SourceVersion "1"]
[SourceVersionDate "2021.10.06"]
[SourceQuality "1"]
[WhiteTeam "Koeln Worringen"]
[BlackTeam "Porz SG III"]
[WhiteTeamCountry "GER"]
[BlackTeamCountry "GER"]

1. e4 Nc6 2. d4 e5 3. c3 Nf6 4. Bg5 Be7 5. Bxf6 Bxf6 6. Nf3 d6 7. d5 Ne7 8. Bd3 0-0 9. Nbd2 Ng6 10. Nf1 Nf4 11. Ne3 g6 12. h4 Bg7 13. g3 Nxd3+ 14. Qxd3 f5 15. exf5 gxf5 16. Ng5 Qe7 17. 0-0-0 h6 18. Nh3 a5 19. Ng2 a4 20. a3 b6 21. f4 e4 22. Qe2 Qe8 23. Ne3 Ba6 24. c4 b5 25. Rd2 bxc4 26. Nxc4 Qb5 27. Rc2 Bxb2+ 28. Rxb2 Qxc4+ 29. Qxc4 Bxc4 30. Rc2 Bxd5 31. Rxc7 Rfc8 32. Rxc8+ Rxc8+ 33. Kd2 e3+ 0-1

[Event "GER-chT U20"]
[Site "Osnabrueck"]
[Date "2011.12.30"]
[Round "7.5"]
[White "Wittig, Till"]
[Black "Xu, Xianliang"]
[Result "0-1"]
[WhiteElo "1794"]
[BlackElo "2073"]
[PlyCount "101"]
[EventDate "2011.12.27"]
[EventType "team-swiss"]
[EventRounds "7"]
[EventCountry "GER"]
[SourceTitle "CBM 146 Extra"]
[Source "ChessBase"]
[SourceDate "2012.02.29"]
[SourceVersion "1"]
[SourceVersionDate "2012.02.29"]
[SourceQuality "1"]
[WhiteTeam "Koeln Porz"]
[BlackTeam "Bebenhausen"]
[WhiteTeamCountry "GER"]
[BlackTeamCountry "GER"]

1. e4 d5 2. exd5 Qxd5 3. Nc3 Qa5 4. Nf3 Nf6 5. d3 c6 6. Be2 Bf5 7. 0-0 e6 8. Bf4 Be7 9. Qd2 0-0 10. a3 Qd8 11. Rfe1 Bd6 12. Rad1 Qc7 13. Bxd6 Qxd6 14. Ne4 Qe7 15. Nxf6+ Qxf6 16. d4 Nd7 17. c3 Rad8 18. Qg5 Qxg5 19. Nxg5 Nb6 20. Nf3 Bg4 21. Ne5 Bxe2 22. Rxe2 Nd7 23. f4 Nxe5 24. Rxe5 Rd6 25. Rde1 g6 26. Kf2 h5 27. g3 Kg7 28. Kf3 Kf6 29. h3 Rfd8 30. a4 b6 31. a5 Rc8 32. b4 c5 33. axb6 cxb4 34. bxa7 Rxc3+ 35. R1e3 Rxe3+ 36. Rxe3 Ra6 37. Rb3 Rxa7 38. Rxb4 Ra3+ 39. Kf2 h4 40. gxh4 Rxh3 41. Rb5 Rxh4 42. Kf3 Rh3+ 43. Ke4 Rh5 44. Rc5 Rxc5 45. dxc5 Ke7 46. Kd4 f6 47. Kc4 Kd7 48. Kb5 Kc7 49. c6 g5 50. fxg5 fxg5 51. Kc5 0-1

[Event "GER-chT U20"]
[Site "Osnabrueck"]
[Date "2011.12.27"]
[Round "2.5"]
[White "Hinrichs, Jan"]
[Black "Wittig, Till"]
[Result "1-0"]
[WhiteElo "1957"]
[BlackElo "1794"]
[PlyCount "57"]
[EventDate "2011.12.27"]
[EventType "team-swiss"]
[EventRounds "7"]
[EventCountry "GER"]
[SourceTitle "CBM 146 Extra"]
[Source "ChessBase"]
[SourceDate "2012.02.29"]
[SourceVersion "1"]
[SourceVersionDate "2012.02.29"]
[SourceQuality "1"]
[WhiteTeam "Hamburger SK"]
[BlackTeam "Koeln Porz"]
[WhiteTeamCountry "GER"]
[BlackTeamCountry "GER"]

1. d4 Nf6 2. Nf3 g6 3. c4 Bg7 4. g3 d6 5. Bg2 0-0 6. Nc3 c5 7. d5 e6 8. 0-0 exd5 9. cxd5 a6 10. a4 Re8 11. Nd2 Nbd7 12. e4 Rb8 13. Nc4 Ne5 14. Na3 Qc7 15. f4 Ned7 16. Kh1 c4 17. Qe2 Nb6 18. Be3 Bg4 19. Qf2 Nxa4 20. Nxa4 b5 21. Rac1 bxa4 22. Nxc4 Qe7 23. e5 dxe5 24. Bc5 Qd7 25. Bd6 Rb7 26. fxe5 Nxd5 27. Bxd5 Bxe5 28. Nxe5 Rxe5 29. Qxf7+ 1-0

[Event "GER-chT U16"]
[Site "Berlin"]
[Date "2005.12.29"]
[Round "6.3"]
[White "Welke, Vincent"]
[Black "Wittig, Till"]
[Result "1/2-1/2"]
[WhiteElo "1437"]
[BlackElo "1407"]
[PlyCount "58"]
[EventDate "2005.12.27"]
[EventType "team-swiss"]
[EventRounds "7"]
[EventCountry "GER"]
[SourceTitle "EXT 2022"]
[Source "ChessBase"]
[SourceDate "2021.10.06"]
[SourceVersion "1"]
[SourceVersionDate "2021.10.06"]
[SourceQuality "1"]
[WhiteTeam "Mainz Schott U16"]
[BlackTeam "Porz SG U16"]
[WhiteTeamCountry "GER"]
[BlackTeamCountry "GER"]

1. e4 e5 2. Nf3 Nc6 3. Bb5 a6 4. Ba4 Bc5 5. 0-0 d6 6. d3 Nge7 7. Nc3 Bg4 8. h3 Bh5 9. Be3 Bxe3 10. fxe3 0-0 11. Bb3 h6 12. Qd2 Qd7 13. Rf2 Na5 14. Nd5 Nxb3 15. Nxe7+ Qxe7 16. axb3 Rad8 17. Qb4 c6 18. Nd2 f6 19. Nc4 Rf7 20. Nb6 Qc7 21. c4 Bg6 22. Qa5 Rff8 23. b4 Be8 24. Rff1 c5 25. b5 axb5 26. cxb5 Bf7 27. Qa7 d5 28. Rfd1 dxe4 29. dxe4 Bb3 1/2-1/2

[Event "NRW U18 op"]
[Site "Olpe"]
[Date "2005.10.04"]
[Round "7.35"]
[White "Wittig, Till"]
[Black "Dirking, Sven"]
[Result "1-0"]
[WhiteElo "1455"]
[BlackElo "1107"]
[PlyCount "65"]
[EventDate "2005.10.01"]
[EventType "swiss"]
[EventRounds "7"]
[EventCountry "GER"]
[SourceTitle "CBM 108 Extra"]
[Source "ChessBase"]
[SourceDate "2005.11.04"]
[SourceVersion "1"]
[SourceVersionDate "2005.11.04"]
[SourceQuality "1"]

1. d4 e6 2. e4 d5 3. e5 c5 4. c3 c4 5. Be3 Qb6 6. Qc2 g6 7. Nd2 Bg7 8. b3 Qa5 9. bxc4 Bd7 10. cxd5 exd5 11. Nb3 Qa3 12. Bd3 Ba4 13. Rb1 Nc6 14. Qb2 Qxb2 15. Rxb2 Nge7 16. Nc5 b5 17. Bxb5 Bxb5 18. Rxb5 0-0 19. Ne2 a6 20. Rb2 f6 21. Ne6 Rfb8 22. Rxb8+ Rxb8 23. Nxg7 Kxg7 24. exf6+ Kxf6 25. 0-0 Rb2 26. Nf4 Rxa2 27. Rb1 a5 28. g3 g5 29. Nd3 Ra3 30. Bd2 Nxd4 31. cxd4 Rxd3 32. Bxa5 Rxd4 33. Bc3 1-0

[Event "NRW U18 op"]
[Site "Olpe"]
[Date "2005.10.03"]
[Round "6.31"]
[White "Tunc, Helin"]
[Black "Wittig, Till"]
[Result "1-0"]
[WhiteElo "1210"]
[BlackElo "1455"]
[PlyCount "80"]
[EventDate "2005.10.01"]
[EventType "swiss"]
[EventRounds "7"]
[EventCountry "GER"]
[SourceTitle "CBM 108 Extra"]
[Source "ChessBase"]
[SourceDate "2005.11.04"]
[SourceVersion "1"]
[SourceVersionDate "2005.11.04"]
[SourceQuality "1"]

1. e4 c5 2. Nf3 d6 3. d4 cxd4 4. Nxd4 g6 5. Nc3 Bg7 6. Nb3 Nf6 7. Bf4 0-0 8. Bc4 Bd7 9. Qd2 Bc6 10. f3 Nbd7 11. 0-0-0 Rc8 12. Bd3 Nh5 13. Bh6 Nb6 14. Bxg7 Nxg7 15. h4 h5 16. Rhg1 Na4 17. Nxa4 Bxa4 18. Qh6 Bxb3 19. axb3 Qa5 20. Kb1 Rc6 21. g4 Rfc8 22. b4 Qxb4 23. gxh5 Rb6 24. b3 Nxh5 25. Qxh5 Rc5 26. Rxg6+ fxg6 27. Qxg6+ Kf8 28. Rg1 e6 29. Qh7 Rg5 30. Rxg5 Qe1+ 31. Kb2 Rxb3+ 32. Kxb3 Qb1+ 33. Kc3 Qe1+ 34. Kb3 Qb1+ 35. Kc4 Qa2+ 36. Kd4 Qa1+ 37. Ke3 Qe1+ 38. Be2 Qc3+ 39. Kf4 Qd2+ 40. Kg4 Qxg5+ 1-0

[Event "NRW U18 op"]
[Site "Olpe"]
[Date "2005.10.01"]
[Round "1.10"]
[White "Wittig, Till"]
[Black "Butschek, Tanja"]
[Result "0-1"]
[WhiteElo "1455"]
[BlackElo "2034"]
[PlyCount "60"]
[EventDate "2005.10.01"]
[EventType "swiss"]
[EventRounds "7"]
[EventCountry "GER"]
[SourceTitle "CBM 108 Extra"]
[Source "ChessBase"]
[SourceDate "2005.11.04"]
[SourceVersion "1"]
[SourceVersionDate "2005.11.04"]
[SourceQuality "1"]

1. e4 c5 2. Nf3 e6 3. Nc3 Nc6 4. d4 cxd4 5. Nxd4 Nf6 6. a3 Qa5 7. Nxc6 bxc6 8. Bd2 Qb6 9. b4 Be7 10. Bd3 e5 11. 0-0 0-0 12. h3 d5 13. Qf3 Be6 14. Bg5 Rfe8 15. Bxf6 Bxf6 16. Rad1 Rad8 17. Be2 d4 18. Na4 Qc7 19. Nc5 Qe7 20. Qd3 a5 21. c3 Bc8 22. cxd4 Rxd4 23. Qc3 axb4 24. axb4 Red8 25. f3 Bg5 26. Rxd4 exd4 27. Qb3 Be3+ 28. Kh1 Qh4 29. Bc4 Bxh3 30. Bxf7+ Kh8 0-1

[Event "GER-chT U12"]
[Site "Verden an der Aller"]
[Date "2003.12.30"]
[Round "7.3"]
[White "Schmidt, Lukas"]
[Black "Wittig, Till"]
[Result "0-1"]
[WhiteElo "901"]
[BlackElo "1176"]
[PlyCount "72"]
[EventDate "2003.12.27"]
[EventType "team-swiss"]
[EventRounds "7"]
[EventCountry "GER"]
[SourceTitle "EXT 2022"]
[Source "ChessBase"]
[SourceDate "2021.10.06"]
[SourceVersion "1"]
[SourceVersionDate "2021.10.06"]
[SourceQuality "1"]
[WhiteTeam "Waltershausen"]
[BlackTeam "Porz SG"]
[WhiteTeamCountry "GER"]
[BlackTeamCountry "GER"]

1. e4 c6 2. Nf3 d5 3. exd5 cxd5 4. d4 Nf6 5. Bd3 Nc6 6. 0-0 Bg4 7. h3 Bh5 8. c3 e6 9. Bf4 Bd6 10. Bxd6 Qxd6 11. Nbd2 0-0 12. Re1 Rfe8 13. Qc2 Rac8 14. Re3 h6 15. Rae1 a6 16. g4 Bxg4 17. hxg4 Nxg4 18. R3e2 Nxd4 19. Qd1 Nxe2+ 20. Qxe2 Qb6 21. Rb1 g6 22. Ne5 Nxe5 23. Qxe5 Red8 24. Kh1 Re8 25. Rg1 Qxf2 26. Bxg6 Qh4+ 27. Qh2 Qxh2+ 28. Kxh2 fxg6 29. Rxg6+ Kh7 30. Rg3 Rf8 31. Nf3 Rc4 32. Ne5 Re4 33. Nd7 Rf7 34. Nc5 Re2+ 35. Rg2 Rxg2+ 36. Kxg2 e5 0-1

[Event "NRW-chT U12"]
[Site "Hiddenhausen"]
[Date "2003.05.18"]
[Round "4.4"]
[White "Blokisch, Till"]
[Black "Wittig, Till"]
[Result "0-1"]
[WhiteElo "1197"]
[BlackElo "1036"]
[PlyCount "80"]
[EventDate "2003.05.??"]
[EventType "team-tourn"]
[EventRounds "3"]
[EventCountry "GER"]
[SourceTitle "EXT 2005"]
[Source "ChessBase"]
[SourceDate "2004.11.15"]
[SourceVersion "1"]
[SourceVersionDate "2004.11.15"]
[SourceQuality "1"]

1. e4 e5 2. Nf3 Nc6 3. Bc4 Bc5 4. Nc3 Nf6 5. d3 h6 6. Be3 Bb6 7. h3 d6 8. Qd2 Be6 9. Bxe6 fxe6 10. Nh4 Nxe4 11. Nxe4 Qxh4 12. Bxb6 axb6 13. g3 Qe7 14. Qd1 0-0 15. a3 Qf7 16. 0-0 Nd4 17. Nd2 Qg6 18. c3 Nf5 19. Kh2 Rf7 20. g4 Nh4 21. Kg3 Nf5+ 22. Kh2 Ne7 23. Qe2 Nd5 24. Ne4 Nf4 25. Qd2 d5 26. Ng3 Nxd3 27. f3 Raf8 28. Kg2 Nc5 29. Qd1 Nd3 30. Qd2 Nf4+ 31. Kh2 Qg5 32. Nh5 Nxh5 33. Qxg5 hxg5 34. gxh5 Rxf3 35. Rxf3 Rxf3 36. Kg2 e4 37. Re1 Kh7 38. c4 Kh6 39. cxd5 exd5 40. Rd1 Rd3 0-1

[Event "NRW-ch U12"]
[Site "Kranenburg"]
[Date "2003.04.25"]
[Round "6"]
[White "Wittig, Till"]
[Black "Egberts, Niklas"]
[Result "0-1"]
[WhiteElo "1036"]
[BlackElo "1208"]
[PlyCount "44"]
[EventDate "2003.04.??"]
[EventType "swiss"]
[EventRounds "7"]
[EventCountry "GER"]
[SourceTitle "EXT 2005"]
[Source "ChessBase"]
[SourceDate "2004.11.15"]
[SourceVersion "1"]
[SourceVersionDate "2004.11.15"]
[SourceQuality "1"]

1. e4 e5 2. Nf3 Nc6 3. Bc4 Bc5 4. d3 h6 5. Nc3 Nf6 6. Be3 Bd4 7. Nd2 d6 8. h3 Be6 9. Bb3 Qd7 10. 0-0 0-0-0 11. Nf3 g5 12. Nxg5 hxg5 13. Bxg5 Rdg8 14. Bxf6 Bxb3 15. Qf3 Qxh3 16. Qxh3+ Rxh3 17. axb3 Rhg3 18. Ne2 Rxg2+ 19. Kh1 R2g6 20. Ng3 Rxf6 21. c3 Bxf2 22. Kg2 Rxg3+ 0-1

[Event "NRW-ch U12"]
[Site "Kranenburg"]
[Date "2003.04.22"]
[Round "3"]
[White "Hinz, Arne"]
[Black "Wittig, Till"]
[Result "1-0"]
[WhiteElo "1308"]
[BlackElo "1036"]
[PlyCount "56"]
[EventDate "2003.04.??"]
[EventType "swiss"]
[EventRounds "7"]
[EventCountry "GER"]
[SourceTitle "EXT 2005"]
[Source "ChessBase"]
[SourceDate "2004.11.15"]
[SourceVersion "1"]
[SourceVersionDate "2004.11.15"]
[SourceQuality "1"]

1. e4 e5 2. d4 exd4 3. c3 dxc3 4. Bc4 Nf6 5. e5 cxb2 6. Bxb2 Qe7 7. Qe2 Ng8 8. Nf3 Nc6 9. Nc3 f6 10. Nd5 Qd8 11. exf6+ Nge7 12. fxe7 Nxe7 13. Ng5 c6 14. Nxe7 Bxe7 15. Bxg7 Qa5+ 16. Kf1 Qxg5 17. Bxh8 d5 18. Bd3 b6 19. h4 Qg8 20. Re1 Qf8 21. Bxh7 a5 22. Qe5 Kd8 23. Bg7 Qe8 24. Bf6 Ra7 25. Bg6 Qf8 26. Bxe7+ Rxe7 27. Qxe7+ Qxe7 28. Rxe7 Kxe7 1-0

[Event "GER-chT U12"]
[Site "Verden an der Aller"]
[Date "2002.12.30"]
[Round "7.4"]
[White "Wittig, Till"]
[Black "Miclea, Andrei"]
[Result "0-1"]
[WhiteElo "1077"]
[BlackElo "1200"]
[PlyCount "102"]
[EventDate "2002.12.27"]
[EventType "team"]
[EventRounds "7"]
[EventCountry "GER"]
[SourceTitle "CBM 092 Extra"]
[Source "ChessBase"]
[SourceDate "2003.03.07"]
[SourceVersion "1"]
[SourceVersionDate "2003.03.07"]
[SourceQuality "1"]

1. e4 e5 2. Nf3 Nf6 3. Nxe5 d6 4. Nf3 Nxe4 5. Nc3 Qe7 6. Qe2 Nxc3 7. Qxe7+ Bxe7 8. dxc3 0-0 9. Bc4 Be6 10. Bxe6 fxe6 11. Nd4 Rf6 12. 0-0 a6 13. Re1 e5 14. Bg5 Rf7 15. Bxe7 Rxe7 16. Rad1 Nd7 17. Re2 Rf7 18. Nb3 b6 19. g3 Rd8 20. Rf1 Rdf8 21. Nd2 d5 22. c4 d4 23. Ne4 h6 24. Rd2 c5 25. c3 Nf6 26. Nxf6+ Rxf6 27. cxd4 exd4 28. f4 g5 29. Rdf2 g4 30. Re1 b5 31. b3 Rd8 32. Rfe2 Kg7 33. Kf2 Rb8 34. Re7+ Rf7 35. Rxf7+ Kxf7 36. Re2 Re8 37. Rd2 h5 38. a3 Kf6 39. Rc2 Rc8 40. cxb5 axb5 41. Ke2 c4 42. bxc4 bxc4 43. Kd2 Kf5 44. a4 Ke4 45. Ke1 d3 46. Rc3 Kd4 47. Kd2 Re8 48. Ra3 Re2+ 49. Kd1 c3 50. Ra1 c2+ 51. Kc1 Re1+ 0-1